| 000 | 01599cam a2200373Li 4500 | ||
|---|---|---|---|
| 001 | ocn470708443 | ||
| 003 | TZ-ArACH | ||
| 005 | 2012030708258.0 | ||
| 008 | 070316s2006 fr f l 000 0 fre d | ||
| 016 | 7 |
_aFRBNF409983170000001 _2FrPBN |
|
| 020 | _a9287159815 | ||
| 020 | _a9789287159816 (br) | ||
| 035 | _a(OCoLC)470708443 | ||
| 040 |
_aBDF _bfre _cTZ-ArACH _dLVB |
||
| 041 | _aFre | ||
| 049 | _aSZTA | ||
| 050 |
_aKJC9769 _b.A54 |
||
| 082 | 1 |
_a344.403 5 _222 |
|
| 110 | 2 |
_aConseil de l'Europe. _bComité des ministres. _4aut _94681 |
|
| 245 | 1 | 0 |
_aRègles pénitentiaires européennes / _cComité des ministres du Conseil de l'Europe. |
| 260 |
_aStrasbourg : _bEditions du Conseil de l'Europe, _ccop. 2006. |
||
| 300 |
_a1 vol. (143 p.) ; _c24 cm. |
||
| 500 | _aContient le texte et des commentaires de la Recommandation Rec(2006)2 du Comité des Ministres aux Etats membres sur les règles pénitentiaires européennes. | ||
| 650 | 7 |
_aPrisons _xDroit européen. _2ram _94682 |
|
| 650 | 7 |
_aPrisons _xAdministration _zEurope. _2ram _94683 |
|
| 650 | 6 |
_aPrisons _xDroit _zEurope. _94684 |
|
| 650 | 6 |
_aPrisons _xDroit _zEurope _vLégislation. _94685 |
|
| 650 | 6 |
_aPrisons _xAdministration _zEurope. _94686 |
|
| 650 | 6 |
_aPrisonniers _xDroits _zEurope. _94687 |
|
| 856 | 4 | 2 |
_3Notice et cote du catalogue de la Bibliothèque nationale de France _uhttp://catalogue.bnf.fr/ark:/12148/cb40998317c |
| 886 | 1 |
_2intermrc _a009 _baa-djr-s----------- |
|
| 942 |
_2lcc _cBOOK |
||
| 999 |
_c860 _d860 |
||